Flags of the Countries with 6 letters - Statistics

General Stats
  • This quiz has been taken 108 times
  • The average score is 27 of 32
Answer Stats
Picture Hint Answer % Correct
South America Brazil
96%
North America Canada
96%
Europe Greece
96%
Europe France
95%
Asia Bhutan
93%
Europe Cyprus
93%
Asia Israel
93%
Asia Turkey
93%
Europe Sweden
91%
North America Mexico
89%
Europe Norway
89%
Europe Poland
89%
Asia Russia
89%
South America Guyana
82%
Asia Jordan
82%
Europe Monaco
82%
North America Panama
82%
Africa Angola
81%
North America Belize
81%
Europe Latvia
81%
Africa Uganda
81%
Africa Zambia
81%
Asia Brunei
79%
Europe Kosovo
79%
Asia Taiwan
77%
Europe Serbia
75%
Oceania Tuvalu
75%
Africa Gambia
74%
Asia Kuwait
74%
Africa Guinea
72%
Africa Malawi
72%
Africa Rwanda
67%
No matching quizzes found
Score Distribution
Percent of People with Each Score
Percentile by Number Answered
Your Score History
You have not taken this quiz